Civil engineering : (Record no. 153546)

MARC details
000 -LEADER
fixed length control field 00602nam a22002057a 4500
005 - DATE AND TIME OF LATEST TRANSACTION
control field 20180706161844.0
010 ## - LCCN (DPL NO)
LC control number ENG-123401
020 ## - INTERNATIONAL STANDARD BOOK NUMBER
International Standard Book Number 9788121926058
Terms of availability 599.00
035 ## - SYSTEM CONTROL NUMBER
System control number EN-106933
037 ## - SOURCE OF ACQUISITION
Source of stock number/acquisition DBAD/PUB
082 ## - DEWEY DECIMAL CLASSIFICATION NUMBER
Classification number 624
100 ## - MAIN ENTRY--PERSONAL NAME
Personal name Khurmi, R.S.
245 ## - TITLE STATEMENT
Title Civil engineering :
Statement of responsibility, etc by R.S.Khurmi [and] J.K.Gupta
Remainder of title conventional and objective type /
260 ## - PUBLICATION, DISTRIBUTION, ETC. (IMPRINT)
Place of publication, distribution, etc New Delhi
Name of publisher, distributor, etc S.Chand
Date of publication, distribution, etc 2018
270 ## - ADDRESS
Address 7361, Ram Nagar
City New Delhi
Postal code 110055
300 ## - PHYSICAL DESCRIPTION
Extent xi,724p.:
Other physical details ill.
Dimensions 24cm(pbk)
500 ## - GENERAL NOTE
General note Includes index
700 ## - ADDED ENTRY--PERSONAL NAME
Personal name Gupta, J.K.
942 ## - ADDED ENTRY ELEMENTS (KOHA)
Source of classification or shelving scheme Dewey Decimal Classification
Item type English Books
Call number suffix KHU
Classification part 624
Holdings
Withdrawn status Lost status Not for loan Collection code Home library Current library Date acquired Source of acquisition Cost, normal purchase price Full call number Barcode Copy number Cost, replacement price Koha item type
      Non-fiction Shahdara Branch Shahdara Branch 06/07/2018 DBAD/PUB 599.00 624 KHU EN-106933 1 599.00 English Books

© Delhi Public Library
Hit Counter
free hit counter